000 00960nam a2200289 a 4500
001 BRL_1141
005 20190320211043.0
008 151113s1981----sp-#######---#000-0#spa-#
020 _a8432303593
041 _aspa
044 _asp
050 4 _aGN320
_b.H37 1981
100 1 _aHarris, Marvin
_d1927-2001
_925909
245 1 0 _aEl desarrollo de la teoría antropológica
_bhistoria de las teorías de las culturas
_cpor Marvin Harris ; traducción de Ramón Valdés del Toro.
260 _aEspaña
_bSiglo XXI
_c1981
300 _axi, 690 p.
_c23 cm.
440 0 _aAntropología
_925910
500 _aAu1309
500 _aIncluye índice analítico
500 _aTraducción de: The rise of anthropoligival theory. A history of theories of culture.
504 _aBibliografía: p. 597-652
650 1 4 _aEtnología
_xHistoria
_925911
650 1 4 _aCultura
_925912
700 1 _aValdés del Toro, Ramón
_etr.
_925913
902 _aGRL
942 _2lcc
_cB
999 _c9953
_d9953